000 00999cab a2200313 4500
001 ABS53258
008 090401t1995 xxu||||| |||| 00| 0 eng d
035 _a(Sirsi) u3021
041 _aeng
100 _aMcDonald, G.
245 _aCoastal erosion is not the only problem
260 _c1995
350 _a0
490 _aCSM (Chartered Surveyor Monthly)
_v4(9) July/August 1995, 34-35(2)
520 _aWarning about the rise in the sea-level. Provides an historical/cyclical perspective on the problem. Ends by highlighting the need for surveyors to consider the datum height of properties inspected.
650 _aADMIRALTY TIDE TABLES
650 _aDATUM HEIGHT
650 _aFORECASTS
650 _aINTER GOVERNMENT PANEL ON CLIMATIC CHANGE
650 _aNATIONAL RIVERS AUTHORITY
650 _aSEA DEFENCES
650 _aSEA LEVELS
650 _aTIDAL FLOODING
690 _aLAND
690 _aMARINE RESOURCES
690 _aWATER
942 _n0
948 _c04/03/1997
999 _c1822
_d1822